Círculo / (Record no. 20385)

MARC details
000 -LEADER
campo de control de longitud fija 00562cam a22002057a 4500
001 - NÚMERO DE CONTROL
campo de control 35731
005 - FECHA Y HORA DE LA ÚLTIMA TRANSACCIÓN
campo de control 20230410103521.0
008 - DATOS DE LONGITUD FIJA--INFORMACIÓN GENERAL
campo de control de longitud fija 820128|1979 dr 000 0 spa
035 ## - NÚMERO DE CONTROL DEL SISTEMA
-- (DLC) 82109523
035 ## - NÚMERO DE CONTROL DEL SISTEMA
Número de control de sistema 4226985
010 ## - NÚMERO DE CONTROL DE LA BIBLIOTECA DEL CONGRESO
Número de control de LC 82109523
040 ## - FUENTE DE CATALOGACIÓN
Centro catalogador/agencia de origen DLC
Centro/agencia transcriptor DLC
Centro/agencia modificador DLC
050 14 - SIGNATURA TOPOGRÁFICA DE LA BIBLIOTECA DEL CONGRESO
Número de clasificación 118 PQ 7409
Número de ítem H557c 1979
100 2# - ENTRADA PRINCIPAL--NOMBRE DE PERSONA
Nombre de persona Hernández Rueda, Lupo,
Fechas asociadas al nombre 1930-.
245 10 - MENCIÓN DEL TÍTULO
Título Círculo /
Mención de responsabilidad, etc. Lupo Hernández Rueda.
260 ## - PUBLICACIÓN, DISTRIBUCIÓN, ETC.
Lugar de publicación, distribución, etc. Santo Domingo, R.D. :
Nombre del editor, distribuidor, etc. Amigo del Hogar,
Fecha de publicación, distribución, etc. 1979
300 ## - DESCRIPCIÓN FÍSICA
Extensión 79 p. ; 20 cm.
650 #4 - PUNTO DE ACCESO ADICIONAL DE MATERIA--TÉRMINO DE MATERIA
Término de materia o nombre geográfico como elemento de entrada Literatura dominicana
942 ## - ELEMENTOS DE ENTRADA SECUNDARIOS (KOHA)
Fuente del sistema de clasificación o colocación Clasificación de Library of Congress
Tipo de ítem Koha
Holdings
Estatus retirado Estado de pérdida Fuente del sistema de clasificación o colocación Estado de daño No para préstamo Colección Biblioteca de origen Biblioteca actual Ubicación en estantería Fecha de adquisición Serial enumeration / chronology Signatura topográfica completa Código de barras Visto por última vez Copia número Tipo de ítem Koha
    Clasificación de Library of Congress     Recursos Regionales Biblioteca Juan Bosch Biblioteca Juan Bosch Recursos Regionales (2do. Piso) 10/04/2023 1 118 PQ 7409 H557c 1979 00000037375 23/10/2018 1